00665 a2200193 4500010001400000020002300014035001300037037001800050082001100068090001500079100002300094245006100117260005300178270004400231300002500275942002500300999001500325952013100340 aENG-85508 c195.00a8190340360 aEN-69041 bD.B.Act / Pub14a881.08 c2838d28381 aWasserman, Earl R.1 aThe finer tonecby Earl R. WassermanbKeat's major poems aNew DelhibABS Publishers and Distributorsc2006 aE-9, Jangpura Extn.bNew Delhie110 014 a228 p.c21 cm (Pbk.) adpcENk881.08 / WAS c2784d2784 00102ddc40718NFICaDBADbDBADeDBAD/PUBg195.00l0o881.08pEN-69041r2008-09-15 00:00:00t1u2974v195.00w2008-09-15yEN